[Event "Gaia Profigaia op 6th"]
[Site "Vila Nova de Gaia"]
[Date "2013.07.12"]
[Round "9.24"]
[White "Guimaraes, Pedro"]
[Black "Costa, Andre"]
[Result "0-1"]
[WhiteElo "1575"]
[BlackElo "1436"]
[PlyCount "82"]
[EventDate "2013.07.06"]
[EventType "swiss"]
[EventRounds "9"]
[EventCountry "POR"]
[SourceTitle "EXT 2015"]
[Source "ChessBase"]
[SourceDate "2014.11.20"]
[SourceVersion "1"]
[SourceVersionDate "2014.11.20"]
[SourceQuality "1"]

1. d4 Nf6 2. Bg5 Ne4 3. Bf4 g6 4. f3 Nf6 5. e4 d6 6. Bd3 Bg7 7. Ne2 0-0 8. 0-0 Nbd7 9. Qd2 e5 10. Bh6 Ne8 11. d5 f5 12. exf5 gxf5 13. Bxg7 Nxg7 14. c4 Nc5 15. Bc2 a5 16. Nbc3 f4 17. Ne4 Nxe4 18. Bxe4 Qh4 19. Qe1 Qg5 20. Kh1 Rf6 21. g3 fxg3 22. Qxg3 Qxg3 23. hxg3 Nf5 24. Bxf5 Bxf5 25. Nc1 Bh3 26. Rf2 Raf8 27. f4 exf4 28. gxf4 Rxf4 29. Rxf4 Rxf4 30. b3 Rf1+ 31. Kh2 Bf5 32. Kg2 Rd1 33. Kf2 h5 34. a3 h4 35. b4 b6 36. Nb3 Rxa1 37. Nxa1 Bd3 38. bxa5 Bxc4 39. axb6 cxb6 40. Nc2 Bxd5 41. Ne3 Be6 0-1

[Event "Gaia Profigaia op 6th"]
[Site "Vila Nova de Gaia"]
[Date "2013.07.06"]
[Round "2.12"]
[White "Andias, Joao Pedro Menezes"]
[Black "Guimaraes, Pedro"]
[Result "1-0"]
[WhiteElo "1977"]
[BlackElo "1575"]
[PlyCount "41"]
[EventDate "2013.07.06"]
[EventType "swiss"]
[EventRounds "9"]
[EventCountry "POR"]
[SourceTitle "EXT 2015"]
[Source "ChessBase"]
[SourceDate "2014.11.20"]
[SourceVersion "1"]
[SourceVersionDate "2014.11.20"]
[SourceQuality "1"]

1. e4 c5 2. Nf3 d6 3. d4 cxd4 4. Nxd4 Nf6 5. Nc3 g6 6. Be3 Bg7 7. f3 Nc6 8. Qd2 Bd7 9. Bc4 a6 10. Nxc6 Bxc6 11. 0-0-0 b5 12. Bd5 Bxd5 13. Nxd5 Nxd5 14. exd5 Qc7 15. Rhe1 Qc4 16. Kb1 a5 17. Bg5 Ra7 18. Re4 Qc8 19. Qe3 Rc7 20. Rxe7+ Kf8 21. Re1 1-0

[Event "POR-ch U20"]
[Site "Braga"]
[Date "2013.??.??"]
[Round "7.6"]
[White "Cadeirinhas, David Eduardo Lour"]
[Black "Guimaraes, Pedro"]
[Result "1-0"]
[WhiteElo "1905"]
[BlackElo "1562"]
[PlyCount "71"]
[EventDate "2013.08.02"]
[EventType "swiss"]
[EventRounds "7"]
[EventCountry "POR"]
[SourceTitle "EXT 2015"]
[Source "ChessBase"]
[SourceDate "2014.11.20"]
[SourceVersion "1"]
[SourceVersionDate "2014.11.20"]
[SourceQuality "1"]

1. c4 e6 2. Nc3 d5 3. d4 Nf6 4. Bg5 Be7 5. Nf3 b6 6. e3 Bb7 7. Be2 Nbd7 8. 0-0 0-0 9. Rc1 c5 10. cxd5 Nxd5 11. Bxe7 Qxe7 12. Bb5 cxd4 13. Nxd5 Bxd5 14. Rc7 Rfd8 15. exd4 Qd6 16. Rxd7 Rxd7 17. Bxd7 Qxd7 18. a3 Bxf3 19. Qxf3 Rd8 20. Rd1 h6 21. h3 Qd5 22. Qxd5 Rxd5 23. f4 Kh7 24. Kf2 Kg6 25. Ke3 a5 26. Rc1 a4 27. Rc4 b5 28. Rc5 h5 29. Ke4 f5+ 30. Kd3 Kf6 31. Rxd5 exd5 32. Kc3 h4 33. Kb4 g5 34. Kc5 gxf4 35. Kxd5 Kg5 36. Ke5 1-0